Music Quiz

Random Music Quiz

Guess the Album in 3 minutes #29 Quiz Stats

 Plays Quiz not verified by Sporcle

Score 0/11 Timer 03:00
0 Plays Today
Clue No.: Clue: % Correct
Answer???
100%
Type 10 for clue???
77.8%
Type 9 for clue???
75%
Type 8 for clue???
69.4%
Type 7 for clue???
66.7%
Type 6 for clue???
61.1%
Type 5 for clue???
47.2%
Type 4 for clue???
33.3%
Type 3 for clue???
22.2%
Type 2 for clue???
13.9%
Type 1 for clue???
0%

You're not logged in!

Compare scores with friends on all Sporcle quizzes.
OR
Log In

Sporcle TV

Today on Sporcle TV


Watch our educational content, quiz creation guides, and fun videos on Sporcle TV.

Show Comments

Extras

Created Aug 8, 2016ReportNominate
Tags:Guessing Game, hint

Top Quizzes Today


Score Distribution

Your Account Isn't Verified!

In order to create a playlist on Sporcle, you need to verify the email address you used during registration. Go to your Sporcle Settings to finish the process.

Report this User

Report this user for behavior that violates our Community Guidelines.

Details: